| 000 | 00402nam a2200169Ia 4500 | ||
|---|---|---|---|
| 008 | 210210b1912 xxu||||| |||| 00| 0 eng d | ||
| 041 | _aeng | ||
| 082 | _a825/552 | ||
| 100 | _aMALLORY (G) | ||
| 245 | _aBoswell the biographer | ||
| 260 |
_aLondon _bSmith Elder and Company _c1912 |
||
| 650 | _athe | ||
| 650 | _aBoswell | ||
| 650 | _abiographer | ||
| 690 | _aEnglish Criticism | ||
| 906 | _a014868 | ||
| 999 |
_c134092 _d134092 |
||